000252027 001__ 252027
000252027 005__ 20250110173128.0
000252027 0247_ $$aG:(GEPRIS)240106511$$d240106511
000252027 035__ $$aG:(GEPRIS)240106511
000252027 040__ $$aGEPRIS$$chttp://gepris.its.kfa-juelich.de
000252027 150__ $$aQuellen und Senken von Gasen in der Critical Zone: In situ-Sensoren und Isotopie (B03)$$y2013 - 2025
000252027 371__ $$aProfessor Dr. Torsten Frosch
000252027 371__ $$aProfessor Dr. Jürgen Popp
000252027 371__ $$aProfessorin Dr. Susan Trumbore
000252027 450__ $$aSFB 1076 B03$$wd$$y2013 - 2025
000252027 5101_ $$0I:(DE-588b)2007744-0$$aDeutsche Forschungsgemeinschaft$$bDFG
000252027 550__ $$0G:(GEPRIS)218627073$$aSFB 1076: AquaDiva: Forschungsverbund zum Verständnis der Verknüpfungen zwischen der oberirdischen und unterirdischen Biogeosphäre$$wt
000252027 680__ $$aB03 erforscht, wie Gase und Isotope die Umweltbedingungen und die funktionelle Biodiversität der unterirdischen Critical Zone widerspiegeln. Wir entwickeln neue Technologien für hochfrequente Multigas- und Isotopenmessungen mittels Raman-Spektroskopie und wenden simultane Multigasmessungen im Feld und im Labor an, um die Gasflüsse mit den mikrobiellen Stoffwechselvorgängen in Verbindung zu bringen. Wir entwickeln neuartige 14C-Methoden, um die Raten biogeochemischer Flüsse zu bestimmen und den Kohlenstoffkreislauf zu erforschen.
000252027 909CO $$ooai:juser.fz-juelich.de:918629$$pauthority$$pauthority:GRANT
000252027 909CO $$ooai:juser.fz-juelich.de:918629
000252027 980__ $$aG
000252027 980__ $$aAUTHORITY